[Event "16th Spilimbergo Open 2018"]
[Site "Spilimbergo"]
[Date "2018.08.15"]
[Round "9.15"]
[White "Paltrinieri, Nicholas"]
[Black "Collutiis, Duilio"]
[Result "1/2-1/2"]
[WhiteElo "2288"]
[BlackElo "2415"]
[Annotator "TA"]
[PlyCount "117"]
[EventDate "2018.08.10"]
[EventType "swiss"]
[EventCountry "ITA"]
[SourceTitle "playchess.com"]
[Source "ChessBase"]
[SourceQuality "1"]

{[%evp 14,117,48,11,31,8,29,-3,-1,-1,40,39,32,34,45,23,26,16,70,37,71,73,91,69,69,69,65,70,92,58,58,53,59,54,58,58,58,59,58,39,62,22,28,8,8,8,25,20,30,8,8,8,8,0,0,0,8,8,8,8,31,32,44,11,56,56,56,55,61,61,61,61,61,61,61,61,61,61,61,61,61,39,46,32,61,61,61,61,61,52,58,52,52,52,116,116,116,116,116,116,116,116,116,116,116,116]} 1. d4 d5 2. Bf4 Nf6 3. e3 Bf5 4. c4 c6 5. Nc3 Qb6 (5... e6 6. Qb3 Qc8 7. Nf3 Nbd7 8. h3 Be7 9. Be2 O-O 10. O-O Nb6 11. c5 Nbd7 12. Qd1 Ne4 13. Rc1 Re8 14. Nxe4 Bxe4 15. Nd2 Bg6 16. Bh2 a5 17. Nb1 Bd8 18. Nc3 e5 19. Re1 Bc7 {½-½ (60) Grischuk,A (2810)-Wang,H (2710) Beijing 2014}) 6. Qb3 {D10: Slav Defence: 3 cxd5 (without early Nf3) and 3 Nc3} dxc4 7. Bxc4 e6 8. Nf3 {LiveBook: 5 Games. White is slightly better.} h6 9. O-O Nbd7 10. Rfe1 Qxb3 11. Bxb3 Ne4 12. Nxe4 Bxe4 13. Nd2 $36 {[%mdl 2048] White has good play.} Bg6 $146 14. e4 Be7 15. d5 e5 (15... cxd5 $11 16. exd5 Nc5) 16. dxc6 bxc6 17. Be3 Nc5 18. Bxc5 Bxc5 19. Rac1 Bb4 20. Re2 Ke7 21. Nf3 ({But not} 21. Rxc6 $6 Rhc8 $11) 21... Bh5 22. Rxc6 {[#] Strongly threatening Rc7+.} Bxf3 23. gxf3 Rhc8 24. Rec2 Rxc6 25. Rxc6 $14 {[%mdl 4096] Endgame And now Rc7+ would win. KRB-KRB} Rd8 26. Bd5 Bd6 27. Kf1 Rd7 28. Ra6 Bc5 29. Ke2 Rd6 30. Ra4 Rg6 31. Rc4 Bb6 32. Kf1 Rf6 33. Ke2 Rg6 34. Kf1 Rf6 35. Rc3 Bd4 36. Ra3 g5 37. b4 g4 38. Ke2 (38. Kg2 {is more complex.} h5 39. Rd3 Rf4 40. fxg4 Rxf2+ 41. Kg3) 38... Rxf3 (38... h5 {feels hotter.} 39. Rb3 Rf4 40. a4 Kd6 41. Ba8 Ke6) 39. Rxf3 gxf3+ 40. Kxf3 $11 {KB-KB} f6 41. Kg3 Kd6 42. Bb3 Bc3 43. a3 {[%cal Ba2a3,Ba3a4][%mdl 32]} Bb2 44. a4 Bc3 45. b5 Be1 46. Kg2 Bd2 47. f3 Kc5 48. Bf7 Kb6 49. h4 a6 50. Be8 axb5 51. axb5 Kc7 52. Kg3 Kb6 53. Kg4 Bf4 (53... Be1 $14) 54. Kf5 $16 {White is better.} Kc7 55. Kxf6 Kb6 56. h5 Kc7 57. Ke6 Kb6 58. Kd6 Bg3 59. Kd5 {Precision: White = 66%, Black = 55%.} 1/2-1/2

[Event "16th Spilimbergo Open 2018"]
[Site "Spilimbergo"]
[Date "2018.08.15"]
[Round "9.16"]
[White "Solomon, Kenny"]
[Black "Di Benedetto, Desiree"]
[Result "1/2-1/2"]
[WhiteElo "2395"]
[BlackElo "2295"]
[Annotator "NA"]
[PlyCount "25"]
[EventDate "2018.08.10"]
[EventType "swiss"]
[EventCountry "ITA"]
[SourceTitle "playchess.com"]
[Source "ChessBase"]
[SourceQuality "1"]
[TimeControl "5400+30"]

1. d4 {[%emt 0:00:30]} d5 {[%emt 0:00:30]} 2. c4 {[%emt 0:00:00]} e6 {[%emt 0:00:00]} 3. Nc3 {[%emt 0:00:00]} Nf6 {[%emt 0:00:00]} 4. cxd5 {[%emt 0:00:00]} exd5 {[%emt 0:00:30]} 5. Bg5 {[%emt 0:01:00]} c6 {[%emt 0:00:30]} 6. Qc2 {[%emt 0:00:30]} Be6 {[%emt 0:08:30]} 7. e3 {[%emt 0:00:00]} Nbd7 {[%emt 0:00:00]} 8. Bd3 {[%emt 0:01:00]} h6 {[%emt 0:00:00]} 9. Bh4 {[%emt 0:00:30]} g5 {[%emt 0:00:30]} 10. Bg3 {[%emt 0:00:00]} Nh5 {[%emt 0:00:00]} 11. Nge2 {[%emt 0:02:00]} Nxg3 {[%emt 0:00:00]} 12. Nxg3 {[%emt 0:00:00]} h5 {[%emt 0:00:30]} 13. O-O-O {[%emt 0:02:00]} 1/2-1/2